000 00574cam a22002053a 4500
001 39216
003 PGUSA
005 20140828083854.0
008 120320s2012||||xxu|||||s|||||000 | eng d
040 _aPGUSA
_beng
042 _adc
100 1 _aWeyman, Stanley John,
_d1855-1928
245 1 4 _aThe Snowball
_h[electronic resource] /
_cStanley John Weyman
260 _bProject Gutenberg,
_c2012
506 _aPublic domain in the USA.
516 _aElectronic text
830 0 _aProject Gutenberg
_v39216
856 4 0 _uhttp://www.gutenberg.org/ebooks/39216
942 _cEB
999 _c268469
_d268469